000
00264nam a2200121 a 4500
008
101213s1957|||| d
100
1
_a
Goldoni, Carlo
245
1
0
_a
Pamäti
260
_b
SVKL
_a
Bratislava
_c
1957
020
_c
33
044
_a
xo
_c
SK
041
_a
slo
999
_c
15205
_d
15205